000 00433nam a2200181Ia 4500
008 090123s9999 xx 000 0 und d
082 _b35604
100 _aENID BLYTON
245 _aFIRST TERM AT MALORY TOWERS
250 _a0
260 _bDRAGON BOOK
300 _a172
600 _aENID BLYTON
630 _aFIRST TERM AT MALORY TOWERS
700 _aENID BLYTON
730 _aFIRST TERM AT MALORY TOWERS
942 _cBOOK
999 _c73671
_d73671